| 000 | 00485nam a2200205Ia 4500 | ||
|---|---|---|---|
| 008 | 170918s9999 xx 000 0 und d | ||
| 020 | _a43910632x | ||
| 050 | _bS121 2000 | ||
| 100 | _aSachar, Louis | ||
| 245 | _aMarvin redpost : | ||
| 245 | _bsuper fast, out of control! / | ||
| 245 | _cLouis Sachar. | ||
| 260 | _aNew York : | ||
| 260 | _bScholastic, | ||
| 260 | _c2000 | ||
| 300 | _a79 pages : | ||
| 300 | _bcolored illustration ; | ||
| 300 | _c19cm. | ||
| 500 | _a420 | ||
| 999 |
_c341508 _d341508 |
||